| 000 | 01361nam a22002297a 4500 | ||
|---|---|---|---|
| 999 |
_c60456 _d60456 |
||
| 003 | Ge_BSU | ||
| 005 | 20230724122708.0 | ||
| 008 | 230724s2022ge xxu||||| |||| 00| 0 geo d | ||
| 020 | _a9789941841262 | ||
| 041 | _ageo | ||
| 080 | _a821.112.2.03=353.1 ნ-75 | ||
| 100 |
_aნიცშე, ფრიდრიხ, 1844-1900, ავტორი. _919491 |
||
| 245 |
_aდიონისეს დითირამბები = Dionysos-dithyramben / _cფრიდრიხ ნიცშე ; გერმანულიდან თარგმნა დათო ბარბაქაძემ. |
||
| 264 |
_aთბილისი : _b მერწყული, _c2022. |
||
| 300 |
_a96 გვ. ; _b 14 სმ. |
||
| 500 | _aყდაზე: ლეოპარდზე ამხედრებული დიონისეს მოზაიკური გამოსახულება ჰელლადან (ჩვ. წ-მდე IV ს.) | ||
| 546 | _aტექსტი ქართულ და გერმანულ ენებზე. | ||
| 700 |
_aბარბაქაძე, დათო _eმთარგმნელი _919492 |
||
| 773 | _tნაჩუქარი | ||
| 856 |
_uhttps://dspace.nplg.gov.ge/bitstream/1234/422514/1/Dionises_Ditirambebi.pdf _yელექტრონული ვერსია |
||
| 942 |
_2udc _cBK |
||